[Event "DSOL 02 Liga Gr-C 1st"]
[Site "Playchess.com INT"]
[Date "2020.07.24"]
[Round "5.2"]
[White "Frank, Marek"]
[Black "Will, Patrick"]
[Result "1-0"]
[WhiteElo "1721"]
[BlackElo "2038"]
[PlyCount "83"]
[EventDate "2020.06.22"]
[EventType "team-tourn (rapid)"]
[EventCountry "GER"]
[SourceTitle "EXT 2021"]
[Source "ChessBase"]
[SourceDate "2020.10.23"]
[SourceVersion "1"]
[SourceVersionDate "2020.10.23"]
[SourceQuality "1"]
[WhiteTeam "Gera"]
[BlackTeam "Bickenbach"]
[WhiteTeamCountry "GER"]
[BlackTeamCountry "GER"]

1. e4 c5 2. Nf3 d6 3. d4 cxd4 4. Nxd4 Nf6 5. Nc3 a6 6. Be3 Ng4 7. Bd2 Nc6 8. Nxc6 bxc6 9. Be2 Ne5 10. 0-0 g6 11. f4 Nd7 12. Be3 c5 13. f5 Bg7 14. Qd2 0-0 15. Bg5 Nf6 16. Rad1 Bb7 17. Qe3 Qb6 18. h4 h5 19. Bh6 Ng4 20. Bxg4 Bd4 21. Rxd4 cxd4 22. Na4 dxe3 23. Nxb6 hxg4 24. fxg6 Bxe4 25. Nxa8 e2 26. Re1 Rxa8 27. gxf7+ Kxf7 28. Rxe2 Bd5 29. b3 e6 30. Bg5 Rc8 31. c4 Bc6 32. Rf2+ Kg7 33. Rf4 e5 34. Rxg4 Kf7 35. h5 Rh8 36. h6 Bd7 37. Rg3 e4 38. Be3 Bf5 39. Rg7+ Ke6 40. g4 Bh7 41. Bd4 Bg8 42. Rg5 1-0

[Event "Rhein Main op-A 21st"]
[Site "Bad Homburg"]
[Date "2018.06.02"]
[Round "6"]
[White "Dunsbach, Ralf"]
[Black "Will, Patrick"]
[Result "1/2-1/2"]
[WhiteElo "2181"]
[BlackElo "2055"]
[PlyCount "44"]
[EventDate "2018.05.30"]
[EventType "swiss"]
[EventRounds "7"]
[EventCountry "GER"]
[SourceTitle "EXT 2019"]
[Source "ChessBase"]
[SourceDate "2018.10.10"]
[SourceVersion "1"]
[SourceVersionDate "2018.10.10"]
[SourceQuality "1"]

1. d4 Nf6 2. c4 c5 3. d5 b5 4. cxb5 a6 5. b6 d6 6. Nc3 Qxb6 7. Nf3 g6 8. Nd2 Bg7 9. e4 0-0 10. Nc4 Qc7 11. Be2 Nbd7 12. a4 Nb6 13. Na3 Bd7 14. a5 Nc8 15. Nc4 Bb5 16. 0-0 Nd7 17. Be3 Na7 18. Qd2 Rfb8 19. Rfc1 Bxc4 20. Bxc4 Nb5 21. Ne2 Ne5 22. h3 Nxc4 1/2-1/2

[Event "Hessenliga 1718"]
[Site "Hessen"]
[Date "2018.02.18"]
[Round "7.5"]
[White "Sandten, Ulrich"]
[Black "Will, Patrick"]
[Result "1/2-1/2"]
[WhiteElo "2068"]
[BlackElo "2055"]
[PlyCount "115"]
[EventDate "2017.09.17"]
[EventType "team-tourn"]
[EventRounds "9"]
[EventCountry "GER"]
[SourceTitle "CBM 189 Extra"]
[Source "ChessBase"]
[SourceDate "2019.06.03"]
[SourceVersion "1"]
[SourceVersionDate "2019.06.03"]
[SourceQuality "1"]
[WhiteTeam "Offenbach"]
[BlackTeam "Bad Nauheim"]
[WhiteTeamCountry "GER"]
[BlackTeamCountry "GER"]

1. Nf3 Nf6 2. g3 b6 3. Bg2 Bb7 4. d3 e6 5. e4 c5 6. 0-0 d6 7. Nbd2 Nbd7 8. Re1 Qc7 9. c3 Be7 10. b3 0-0 11. Bb2 Rfe8 12. a3 b5 13. Qe2 Nb6 14. a4 bxa4 15. bxa4 a5 16. e5 Nfd7 17. exd6 Bxd6 18. Ne4 Be7 19. c4 h6 20. h4 Bf8 21. Nh2 Bc6 22. Nc3 Bxg2 23. Kxg2 Rad8 24. Nb5 Qb7+ 25. Qf3 Qxf3+ 26. Nxf3 Nb8 27. Re3 Nc6 28. Be5 Nxe5 29. Nxe5 Rc8 30. Nc3 Bd6 31. Nf3 Nd7 32. Rb1 Rb8 33. Rb5 Rxb5 34. axb5 Nb6 35. Re2 Rd8 36. Ra2 Bc7 37. Ne1 Nd7 38. f4 f6 39. Kf3 Ra8 40. Na4 Kf7 41. h5 g5 42. hxg6+ Kxg6 43. Re2 Kf7 44. Nc2 Rd8 45. Re3 h5 46. Re1 f5 47. Rd1 Bb6 48. Ne3 Kf6 49. Rh1 Kg6 50. Ke2 Re8 51. Ng2 Bc7 52. Nh4+ Kf6 53. Nf3 Kg6 54. Kf2 Rb8 55. Re1 Kf6 56. Kg2 Rg8 57. Rh1 Bxf4 58. Rxh5 1/2-1/2

[Event "Hessenliga 1718"]
[Site "Hessen"]
[Date "2018.01.28"]
[Round "6.5"]
[White "Will, Patrick"]
[Black "Schnitzspan, Lothar"]
[Result "0-1"]
[WhiteElo "2055"]
[BlackElo "2269"]
[PlyCount "58"]
[EventDate "2017.09.17"]
[EventType "team-tourn"]
[EventRounds "9"]
[EventCountry "GER"]
[SourceTitle "CBM 189 Extra"]
[Source "ChessBase"]
[SourceDate "2019.06.03"]
[SourceVersion "1"]
[SourceVersionDate "2019.06.03"]
[SourceQuality "1"]
[WhiteTeam "Bad Nauheim"]
[BlackTeam "Griesheim II"]
[WhiteTeamCountry "GER"]
[BlackTeamCountry "GER"]

1. Nf3 c5 2. c4 Nc6 3. Nc3 e5 4. e3 f5 5. d3 Nf6 6. a3 Be7 7. Nd5 0-0 8. Be2 d6 9. b4 cxb4 10. Nxb4 Kh8 11. 0-0 Qe8 12. Re1 e4 13. Nd4 Nxd4 14. exd4 a5 15. Na2 d5 16. Nc3 Bd6 17. cxd5 Qg6 18. Qc2 Bd7 19. Rb1 Rac8 20. Qd2 Rxc3 21. Qxc3 f4 22. dxe4 Nxe4 23. Qf3 Ng5 24. Qh5 Nh3+ 25. Kf1 Qxb1 26. gxh3 f3 27. Bxf3 Qd3+ 28. Be2 Qxd4 29. Bf3 g6 0-1

[Event "Rhein Main op-A 20th"]
[Site "Bad Homburg"]
[Date "2017.06.17"]
[Round "5"]
[White "Guth, Wolf Dietrich"]
[Black "Will, Patrick"]
[Result "1/2-1/2"]
[WhiteElo "1961"]
[BlackElo "2095"]
[PlyCount "67"]
[EventDate "2017.06.14"]
[EventType "swiss"]
[EventRounds "7"]
[EventCountry "GER"]
[SourceTitle "EXT 2018"]
[Source "ChessBase"]
[SourceDate "2017.10.13"]
[SourceVersion "1"]
[SourceVersionDate "2017.10.13"]
[SourceQuality "1"]

1. Nf3 Nf6 2. g3 d6 3. d4 Nbd7 4. Bg2 c5 5. 0-0 g6 6. a4 a6 7. dxc5 Nxc5 8. b4 Ncd7 9. Nbd2 Bg7 10. Bb2 0-0 11. c4 Rb8 12. Qb3 b6 13. Nd4 Bb7 14. Bxb7 Rxb7 15. Nc6 Qe8 16. Qf3 Rc7 17. a5 bxa5 18. Rxa5 Nb6 19. b5 d5 20. Be5 Rc8 21. Qa3 Kh8 22. Rxa6 Nxc4 23. Nxc4 dxc4 24. Ra7 Nd5 25. Bxg7+ Kxg7 26. e4 Nc7 27. Nxe7 Nxb5 28. Qa1+ c3 29. Nxc8 Qxc8 30. Rc1 Nxa7 31. Qxa7 Qc4 32. e5 c2 33. e6 Qxe6 34. Qa1+ 1/2-1/2

[Event "Hessenliga 1617"]
[Site "Hessen"]
[Date "2017.03.05"]
[Round "7.6"]
[White "Will, Patrick"]
[Black "Kribben, Johannes"]
[Result "1-0"]
[WhiteElo "2095"]
[BlackElo "2160"]
[PlyCount "63"]
[EventDate "2016.09.18"]
[EventType "team-tourn"]
[EventRounds "9"]
[EventCountry "GER"]
[SourceTitle "EXT 2018"]
[Source "ChessBase"]
[SourceDate "2017.10.13"]
[SourceVersion "1"]
[SourceVersionDate "2017.10.13"]
[SourceQuality "1"]
[WhiteTeam "Bad Nauheim"]
[BlackTeam "Hofheim II"]
[WhiteTeamCountry "GER"]
[BlackTeamCountry "GER"]

1. d4 d5 2. c4 c6 3. Nf3 Nf6 4. e3 e6 5. Nc3 Be7 6. b3 0-0 7. Bd3 dxc4 8. bxc4 c5 9. d5 exd5 10. cxd5 b6 11. 0-0 Ba6 12. Bxa6 Nxa6 13. e4 Nc7 14. d6 Qxd6 15. Qxd6 Bxd6 16. e5 Bxe5 17. Nxe5 Rfe8 18. Nf3 Rad8 19. Bg5 Rd3 20. Bxf6 gxf6 21. Rac1 Ne6 22. Rfe1 Red8 23. Ne4 f5 24. Ng3 f4 25. Ne2 b5 26. Nc3 a6 27. a4 b4 28. Ne4 Rc8 29. Ne5 Rd4 30. Nc4 Rd3 31. Kf1 Kg7 32. Red1 1-0

[Event "Hessenliga 1617"]
[Site "Hessen"]
[Date "2016.12.11"]
[Round "4.6"]
[White "Nothnagel, Markus"]
[Black "Will, Patrick"]
[Result "1-0"]
[WhiteElo "2241"]
[BlackElo "2095"]
[PlyCount "43"]
[EventDate "2016.09.18"]
[EventType "team-tourn"]
[EventRounds "9"]
[EventCountry "GER"]
[SourceTitle "EXT 2018"]
[Source "ChessBase"]
[SourceDate "2017.10.13"]
[SourceVersion "1"]
[SourceVersionDate "2017.10.13"]
[SourceQuality "1"]
[WhiteTeam "Griesheim II"]
[BlackTeam "Bad Nauheim"]
[WhiteTeamCountry "GER"]
[BlackTeamCountry "GER"]

1. b3 Nf6 2. Bb2 e6 3. e3 c5 4. f4 a6 5. Nf3 b5 6. g3 Bb7 7. Bg2 Be7 8. 0-0 0-0 9. d3 Qb6 10. Qe2 d6 11. Nbd2 Nbd7 12. h3 Rfe8 13. Kh2 Rac8 14. e4 Bd8 15. e5 Nd5 16. Ne4 dxe5 17. fxe5 Bc7 18. Nfg5 Re7 19. Qh5 Nf8 20. Rxf7 g6 21. Qf3 Rce8 22. Nf6+ 1-0

[Event "Rhein Main op-A 19th"]
[Site "Bad Homburg"]
[Date "2016.05.29"]
[Round "7"]
[White "Will, Patrick"]
[Black "Kuhn, Gerhard"]
[Result "1/2-1/2"]
[WhiteElo "2104"]
[BlackElo "1957"]
[PlyCount "107"]
[EventDate "2016.05.25"]
[EventType "swiss"]
[EventRounds "7"]
[EventCountry "GER"]
[SourceTitle "EXT 2017"]
[Source "ChessBase"]
[SourceDate "2016.10.25"]
[SourceVersion "1"]
[SourceVersionDate "2016.10.25"]
[SourceQuality "1"]

1. d4 Nf6 2. c4 g6 3. Nf3 d5 4. cxd5 Nxd5 5. g3 Bg7 6. Bg2 0-0 7. 0-0 Nc6 8. a3 Bg4 9. h3 Bxf3 10. Bxf3 Nxd4 11. Bg2 c6 12. e4 Nb6 13. Nc3 e5 14. b3 Qe7 15. Ne2 Rfd8 16. Nxd4 Rxd4 17. Qc2 Rad8 18. Be3 Rd3 19. Rfb1 Bf8 20. a4 Nc8 21. b4 Kg7 22. Bf1 R3d7 23. Qc3 Nd6 24. Qc2 Nc8 25. h4 Qe8 26. b5 c5 27. Bxc5 Bxc5 28. Qxc5 b6 29. Qe3 Qe7 30. a5 Rd4 31. axb6 Nxb6 32. Rc1 R8d7 33. Rc6 Rd1 34. Rxd1 Rxd1 35. Kg2 Rd7 36. Qc3 Kg8 37. Be2 Na4 38. Qc2 Nb6 39. h5 Qg5 40. Rc7 Qd2 41. Qxd2 Rxd2 42. Bc4 Nxc4 43. Rxc4 Rd7 44. Rc5 f6 45. h6 Kf7 46. f4 Re7 47. Kf3 exf4 48. gxf4 Rd7 49. Ke3 Ke6 50. Rc6+ Ke7 51. Rc8 Ke6 52. Re8+ Re7 53. Rg8 Rd7 54. Re8+ 1/2-1/2

[Event "Rhein Main op-A 19th"]
[Site "Bad Homburg"]
[Date "2016.05.25"]
[Round "1"]
[White "Will, Patrick"]
[Black "Kremer, Andre"]
[Result "1-0"]
[WhiteElo "2104"]
[BlackElo "1897"]
[PlyCount "77"]
[EventDate "2016.05.25"]
[EventType "swiss"]
[EventRounds "7"]
[EventCountry "GER"]
[SourceTitle "EXT 2017"]
[Source "ChessBase"]
[SourceDate "2016.10.25"]
[SourceVersion "1"]
[SourceVersionDate "2016.10.25"]
[SourceQuality "1"]

1. d4 d6 2. c4 Nf6 3. Nf3 g6 4. g3 Bg7 5. Bg2 a6 6. Nc3 0-0 7. 0-0 Nc6 8. e4 e5 9. d5 Ne7 10. Ne1 Nd7 11. Nd3 b6 12. f4 a5 13. fxe5 Nxe5 14. Nxe5 Bxe5 15. Bh6 Re8 16. Qf3 f6 17. Rad1 Kh8 18. Bf4 Ng8 19. b3 Bd7 20. Ne2 h5 21. h3 Qc8 22. Bxe5 dxe5 23. Kh2 Kg7 24. c5 bxc5 25. Rc1 Qb7 26. Rxc5 c6 27. Qc3 Ne7 28. Rxa5 Rxa5 29. Qxa5 Ra8 30. Qc5 Ng8 31. Nc3 cxd5 32. Nxd5 Rxa2 33. Nxf6 Nxf6 34. Qe7+ Kh6 35. Qxf6 Qxe4 36. Qf8+ Kg5 37. h4+ Kg4 38. Rf2 Rxf2 39. Qxf2 1-0

[Event "Hessenliga 1516"]
[Site "Germany"]
[Date "2016.03.06"]
[Round "8.5"]
[White "Neininger, Ralph"]
[Black "Will, Patrick"]
[Result "0-1"]
[WhiteElo "2125"]
[BlackElo "2104"]
[PlyCount "88"]
[EventDate "2015.09.27"]
[EventType "team-tourn"]
[EventRounds "9"]
[EventCountry "GER"]
[SourceTitle "EXT 2018"]
[Source "ChessBase"]
[SourceDate "2017.10.13"]
[SourceVersion "1"]
[SourceVersionDate "2017.10.13"]
[SourceQuality "1"]
[WhiteTeam "Frankfurt TV"]
[BlackTeam "Bad Nauheim"]
[WhiteTeamCountry "GER"]
[BlackTeamCountry "GER"]

1. d4 Nf6 2. c4 c5 3. d5 b5 4. cxb5 a6 5. b6 d6 6. Nc3 Nbd7 7. e4 g6 8. Nf3 Bg7 9. a4 Qxb6 10. Nd2 Ne5 11. a5 Qb4 12. Ra4 Qb7 13. f4 Ned7 14. Nc4 0-0 15. Be2 Ne8 16. 0-0 Nc7 17. Ra3 Nb5 18. Rb3 Qa7 19. Na4 Nd4 20. Rg3 Nf6 21. Bd3 Nh5 22. Re3 Bb7 23. Nab6 Rad8 24. g4 Nf6 25. g5 Nd7 26. Nxd7 Rxd7 27. f5 Re8 28. Qg4 e6 29. Rh3 exf5 30. exf5 Bxd5 31. Nb6 Nxf5 32. Rxf5 gxf5 33. Qxf5 Be6 34. Qxh7+ Kf8 35. Rf3 Bg4 36. Nxd7+ Qxd7 37. Rf1 Bh3 38. Rf4 Re1+ 39. Kf2 Rxc1 40. g6 f6 41. Bxa6 Rc2+ 42. Kg3 Rg2+ 43. Kf3 Qc6+ 44. Ke3 d5 0-1

[Event "Hessenliga 1516"]
[Site "Germany"]
[Date "2015.11.22"]
[Round "3.5"]
[White "Muth, Matthias Potisarath"]
[Black "Will, Patrick"]
[Result "0-1"]
[WhiteElo "2048"]
[BlackElo "2104"]
[PlyCount "88"]
[EventDate "2015.09.27"]
[EventType "team-tourn"]
[EventRounds "9"]
[EventCountry "GER"]
[SourceTitle "EXT 2018"]
[Source "ChessBase"]
[SourceDate "2017.10.13"]
[SourceVersion "1"]
[SourceVersionDate "2017.10.13"]
[SourceQuality "1"]
[WhiteTeam "Gelnhausen"]
[BlackTeam "Bad Nauheim"]
[WhiteTeamCountry "GER"]
[BlackTeamCountry "GER"]

1. d4 Nf6 2. Nf3 c5 3. c4 cxd4 4. Nxd4 e6 5. Nc3 a6 6. Bg5 Be7 7. g3 Qc7 8. Qa4 Qb6 9. 0-0-0 Nc6 10. Ndb5 0-0 11. Bh3 d5 12. cxd5 exd5 13. Bxc8 Raxc8 14. Nd4 Ne4 15. Be3 Nxc3 16. bxc3 Ne5 17. Nc2 Qe6 18. Qb3 Rfd8 19. Bd4 Nc6 20. Bb6 Rd7 21. Rhe1 Bf6 22. Rd3 Ne5 23. Re3 Qf5 24. Bd4 Ng4 25. Rd3 Bxd4 26. Rxd4 Nxf2 27. Rf4 Qg5 28. Kb2 Ne4 29. Qa4 Qd8 30. Ref1 Rc4 31. Nb4 Nxc3 32. Qb3 Rxf4 33. Rxf4 Nxe2 34. Rf2 Nd4 35. Qe3 Nc6 36. Nd3 Re7 37. Qf4 Qb6+ 38. Kc1 h6 39. Rc2 Re4 40. Qf5 Qg1+ 41. Kb2 Qd4+ 42. Kc1 Re6 43. Rc5 Ne7 44. Qf3 Re3 0-1

[Event "Hessenliga 1516"]
[Site "Germany"]
[Date "2015.11.08"]
[Round "2.5"]
[White "Will, Patrick"]
[Black "Hoeck, Raimund"]
[Result "1-0"]
[WhiteElo "2104"]
[BlackElo "2017"]
[PlyCount "65"]
[EventDate "2015.09.27"]
[EventType "team-tourn"]
[EventRounds "9"]
[EventCountry "GER"]
[SourceTitle "EXT 2018"]
[Source "ChessBase"]
[SourceDate "2017.10.13"]
[SourceVersion "1"]
[SourceVersionDate "2017.10.13"]
[SourceQuality "1"]
[WhiteTeam "Bad Nauheim"]
[BlackTeam "Griesheim II"]
[WhiteTeamCountry "GER"]
[BlackTeamCountry "GER"]

1. d4 d5 2. c4 c6 3. Nf3 Nf6 4. e3 e6 5. b3 Ne4 6. Nbd2 Bb4 7. Qc2 Qf6 8. Bd3 Bxd2+ 9. Bxd2 Nxd2 10. Nxd2 h6 11. 0-0 0-0 12. b4 e5 13. dxe5 Qxe5 14. Nf3 Qe7 15. cxd5 Qxb4 16. Rab1 Qe7 17. Bc4 cxd5 18. Bxd5 Na6 19. Qc4 Be6 20. Bxe6 fxe6 21. Ne5 Rfc8 22. Qg4 Rc7 23. f4 Qf6 24. Rbd1 Rac8 25. Rd6 Nc5 26. Rfd1 Re8 27. Qh5 Rcc8 28. Nd7 Nxd7 29. Rxd7 Red8 30. Rxb7 g6 31. Qe2 Rxd1+ 32. Qxd1 Rd8 33. Qc2 1-0

[Event "Rhein Main op-A 18th"]
[Site "Bad Homburg"]
[Date "2015.06.07"]
[Round "7"]
[White "Will, Patrick"]
[Black "Engel, Berthold"]
[Result "0-1"]
[WhiteElo "2102"]
[BlackElo "2216"]
[PlyCount "100"]
[EventDate "2015.06.03"]
[EventType "swiss"]
[EventRounds "7"]
[EventCountry "GER"]
[SourceTitle "CBM 167 Extra"]
[Source "ChessBase"]
[SourceDate "2015.09.14"]
[SourceVersion "1"]
[SourceVersionDate "2015.09.14"]
[SourceQuality "1"]

1. d4 Nf6 2. c4 e6 3. g3 Bb4+ 4. Bd2 Bxd2+ 5. Nxd2 0-0 6. Bg2 d6 7. Ngf3 Qe7 8. Qc2 Nbd7 9. 0-0 e5 10. c5 dxc5 11. dxc5 Nxc5 12. Rac1 Na6 13. Ne4 Nxe4 14. Qxe4 f6 15. Nh4 c6 16. f4 Re8 17. f5 Rd8 18. a3 Bd7 19. b4 Nc7 20. g4 Be8 21. Nf3 Nd5 22. g5 Bh5 23. gxf6 Nxf6 24. Qc4+ Bf7 25. Qc5 Qxc5+ 26. Rxc5 e4 27. Ng5 Bd5 28. Rf4 Re8 29. b5 h6 30. Ne6 Bxe6 31. fxe6 Rxe6 32. bxc6 bxc6 33. Rc4 Rae8 34. Bh3 Rd6 35. Bf5 e3 36. Rfd4 Rxd4 37. Rxd4 Re5 38. Rd8+ Kf7 39. Bd3 Ra5 40. Rc8 Rxa3 41. Rxc6 Nd7 42. Bg6+ Ke7 43. Bf5 Ra5 44. Bh3 Nf8 45. Kg2 h5 46. Kf3 g5 47. Bc8 Re5 48. Ba6 Ne6 49. Rc4 Nc5 50. Bc8 Kd8 0-1

[Event "Rhein Main op-A 18th"]
[Site "Bad Homburg"]
[Date "2015.06.04"]
[Round "3"]
[White "Barthel, Ansgar"]
[Black "Will, Patrick"]
[Result "1-0"]
[WhiteElo "2173"]
[BlackElo "2102"]
[PlyCount "85"]
[EventDate "2015.06.03"]
[EventType "swiss"]
[EventRounds "7"]
[EventCountry "GER"]
[SourceTitle "CBM 167 Extra"]
[Source "ChessBase"]
[SourceDate "2015.09.14"]
[SourceVersion "1"]
[SourceVersionDate "2015.09.14"]
[SourceQuality "1"]

1. e4 c5 2. b3 d6 3. Bb2 Nf6 4. Bxf6 gxf6 5. Bb5+ Bd7 6. Bxd7+ Qxd7 7. Qh5 Nc6 8. Nc3 f5 9. 0-0-0 fxe4 10. Nxe4 Qe6 11. Re1 0-0-0 12. Nf3 Qg6 13. Qxg6 fxg6 14. Neg5 Re8 15. Nf7 Bg7 16. Nxh8 Bxh8 17. Ng5 h5 18. Nf7 Kd7 19. Nxh8 Rxh8 20. f4 Rf8 21. Rhf1 Nd4 22. c3 Ne6 23. g3 Ng7 24. Re4 Nf5 25. Rfe1 Rf6 26. Kc2 b5 27. a4 a6 28. axb5 axb5 29. Ra1 Kc6 30. Ra6+ Kb7 31. Ra5 Kb6 32. Ra8 Kb7 33. Rg8 Kc6 34. Rh8 Kd5 35. Kd3 Kc6 36. Ke2 Kd5 37. Kf3 b4 38. Re1 bxc3 39. dxc3 Re6 40. c4+ Kc6 41. Rxe6 Nd4+ 42. Ke4 Nxe6 43. Rg8 1-0

[Event "Hessenliga 1415"]
[Site "Hessen"]
[Date "2015.02.08"]
[Round "6.1"]
[White "Will, Patrick"]
[Black "Meyer, Stefan"]
[Result "1/2-1/2"]
[WhiteElo "2114"]
[BlackElo "2093"]
[PlyCount "99"]
[EventDate "2014.09.28"]
[EventType "team-tourn"]
[EventRounds "9"]
[EventCountry "GER"]
[SourceTitle "EXT 2016"]
[Source "ChessBase"]
[SourceDate "2015.10.08"]
[SourceVersion "1"]
[SourceVersionDate "2015.10.08"]
[SourceQuality "1"]
[WhiteTeam "Bad Nauheim"]
[BlackTeam "Dotzheim"]
[WhiteTeamCountry "GER"]
[BlackTeamCountry "GER"]

1. d4 e6 2. c4 f5 3. g3 Nf6 4. Bg2 Be7 5. Nf3 0-0 6. 0-0 Ne4 7. Nbd2 Bf6 8. Qc2 d5 9. e3 Nc6 10. a3 a5 11. b3 Bd7 12. Rb1 Be8 13. b4 axb4 14. axb4 Bg6 15. Nxe4 fxe4 16. Nd2 Nxd4 17. exd4 e3 18. Ne4 exf2+ 19. Qxf2 dxe4 20. Be3 Ra3 21. Rbd1 Be7 22. Qe1 Rxf1+ 23. Bxf1 Qf8 24. c5 Qf3 25. Bc1 Ra2 26. Rd2 Qc3 27. Qe2 Rxd2 28. Qxd2 Qxd2 29. Bxd2 Bf6 30. Be3 Kf7 31. g4 h6 32. Kg2 c6 33. Kg3 Bh7 34. b5 Ke7 35. b6 Kd7 36. Bc4 g5 37. Kf2 Bg6 38. Ke2 Bg7 39. Bf2 Bf6 40. Ke3 Bg7 41. Bg3 Bf6 42. Bf1 Bg7 43. Bg2 Bf6 44. Bxe4 Bxe4 45. Kxe4 Ke7 46. Be5 Kf7 47. Bd6 Kg6 48. Be5 Kf7 49. Bd6 Kg6 50. Be5 1/2-1/2

[Event "Rhein Main op-A 17th"]
[Site "Bad Homburg"]
[Date "2014.06.21"]
[Round "6"]
[White "Boeddeker, Henry"]
[Black "Will, Patrick"]
[Result "1-0"]
[WhiteElo "1862"]
[BlackElo "2126"]
[PlyCount "111"]
[EventDate "2014.06.18"]
[EventType "swiss"]
[EventRounds "7"]
[EventCountry "GER"]
[SourceTitle "CBM 161 Extra"]
[Source "ChessBase"]
[SourceDate "2014.08.29"]
[SourceVersion "1"]
[SourceVersionDate "2014.08.29"]
[SourceQuality "1"]

1. e4 c5 2. Nf3 d6 3. Bb5+ Bd7 4. Bxd7+ Qxd7 5. 0-0 Nc6 6. Qe2 e6 7. Rd1 Qc7 8. d4 cxd4 9. Nxd4 a6 10. c4 Nf6 11. Nc3 Be7 12. b3 Nxd4 13. Rxd4 b5 14. Be3 Nd7 15. Rc1 Bf6 16. Rdd1 bxc4 17. Na4 Qb7 18. Qxc4 0-0 19. Qc7 Qxc7 20. Rxc7 Rfd8 21. f4 Nc5 22. Nxc5 dxc5 23. Rxd8+ Bxd8 24. Rxc5 Bb6 25. Rc3 Bxe3+ 26. Rxe3 Rc8 27. Rd3 Kf8 28. Rd2 Ke7 29. Kf2 Rc3 30. Ke2 h6 31. Kd1 g5 32. fxg5 hxg5 33. Rd4 Rc5 34. Ra4 a5 35. Rc4 Re5 36. Ke2 g4 37. Kf2 Kf6 38. Kg3 Kg5 39. h3 gxh3 40. gxh3 f6 41. a3 f5 42. b4 axb4 43. axb4 Rb5 44. exf5 exf5 45. h4+ Kh5 46. Kf3 Rb8 47. Rf4 Kg6 48. Ke3 Kf6 49. Rc4 Ke5 50. h5 Rb6 51. Rh4 Rh6 52. Kf3 f4 53. Kg4 Rb6 54. h6 Rxb4 55. h7 f3+ 56. Kg3 1-0

[Event "Rhein Main op-A 17th"]
[Site "Bad Homburg"]
[Date "2014.06.19"]
[Round "2"]
[White "Reimer, Otto"]
[Black "Will, Patrick"]
[Result "0-1"]
[WhiteElo "1904"]
[BlackElo "2126"]
[PlyCount "88"]
[EventDate "2014.06.18"]
[EventType "swiss"]
[EventRounds "7"]
[EventCountry "GER"]
[SourceTitle "CBM 161 Extra"]
[Source "ChessBase"]
[SourceDate "2014.08.29"]
[SourceVersion "1"]
[SourceVersionDate "2014.08.29"]
[SourceQuality "1"]

1. e4 c5 2. Nf3 d6 3. d4 cxd4 4. Nxd4 Nf6 5. Nc3 a6 6. Bc4 Nbd7 7. Bb3 Nc5 8. Qe2 Nxb3 9. Nxb3 e6 10. Be3 b5 11. a3 Bb7 12. f3 Qc7 13. 0-0 Be7 14. Qf2 Bd8 15. Rad1 0-0 16. Rd2 d5 17. exd5 Nxd5 18. Nxd5 Bxd5 19. Nd4 Bf6 20. Rfd1 Rac8 21. c3 Qc4 22. Nf5 Rfd8 23. Ng3 g6 24. Bd4 Bg5 25. Rd3 Qb3 26. f4 Bh4 27. R3d2 Bc4 28. Qe3 Rd5 29. Ne4 Rcd8 30. Qh3 Rh5 31. Qe3 Rhd5 32. g4 Rxd4 33. Rxd4 Qxd1+ 34. Rxd1 Rxd1+ 35. Kg2 Bf1+ 36. Kf3 Rd3 37. Nc5 Bg2+ 38. Ke2 Rxe3+ 39. Kxe3 a5 40. Nb3 Bd8 41. Nd4 Bb6 42. Kf2 Bxd4+ 43. Kxg2 Be3 44. Kf3 Bc1 0-1

[Event "Rhein Main op-A 17th"]
[Site "Bad Homburg"]
[Date "2014.06.19"]
[Round "3"]
[White "Will, Patrick"]
[Black "Melamed, Tatiana"]
[Result "1/2-1/2"]
[WhiteElo "2126"]
[BlackElo "2372"]
[PlyCount "50"]
[EventDate "2014.06.18"]
[EventType "swiss"]
[EventRounds "7"]
[EventCountry "GER"]
[SourceTitle "CBM 161 Extra"]
[Source "ChessBase"]
[SourceDate "2014.08.29"]
[SourceVersion "1"]
[SourceVersionDate "2014.08.29"]
[SourceQuality "1"]

1. Nf3 Nf6 2. c4 g6 3. b4 Bg7 4. Bb2 0-0 5. g3 d6 6. Bg2 e5 7. d3 Nc6 8. a3 Nh5 9. Qc2 f5 10. Nbd2 Kh8 11. 0-0 f4 12. b5 Ne7 13. c5 Bg4 14. cxd6 cxd6 15. Rac1 fxg3 16. hxg3 Rc8 17. Qa4 Qd7 18. Nc4 Bh3 19. Bxh3 Qxh3 20. Nxd6 Nxg3 21. fxg3 Qxg3+ 22. Kh1 Qh3+ 23. Kg1 Qg3+ 24. Kh1 Qh3+ 25. Kg1 Qg3+ 1/2-1/2

[Event "Rhein Main op-A 17th"]
[Site "Bad Homburg"]
[Date "2014.06.18"]
[Round "1"]
[White "Will, Patrick"]
[Black "Boschek, Hans Joachim"]
[Result "1-0"]
[WhiteElo "2126"]
[BlackElo "1908"]
[PlyCount "43"]
[EventDate "2014.06.18"]
[EventType "swiss"]
[EventRounds "7"]
[EventCountry "GER"]
[SourceTitle "CBM 161 Extra"]
[Source "ChessBase"]
[SourceDate "2014.08.29"]
[SourceVersion "1"]
[SourceVersionDate "2014.08.29"]
[SourceQuality "1"]

1. Nf3 e6 2. c4 f5 3. g3 Nf6 4. Bg2 Be7 5. 0-0 0-0 6. d4 d6 7. b4 Ne4 8. Bb2 Bf6 9. Nbd2 d5 10. Qc2 a5 11. b5 a4 12. Ba3 Re8 13. Rac1 c6 14. Rfd1 cxb5 15. cxb5 Bd7 16. Nxe4 fxe4 17. Ne5 Bxe5 18. dxe5 Bxb5 19. Bxe4 g6 20. Bxg6 hxg6 21. Qxg6+ Kh8 22. Rd4 1-0

[Event "Hessenliga 1314"]
[Site "Germany"]
[Date "2014.03.30"]
[Round "8.4"]
[White "Will, Patrick"]
[Black "Graf, Gerd"]
[Result "1/2-1/2"]
[WhiteElo "2104"]
[BlackElo "2214"]
[PlyCount "54"]
[EventDate "2013.09.29"]
[EventType "team-tourn"]
[EventRounds "9"]
[EventCountry "GER"]
[SourceTitle "EXT 2015"]
[Source "ChessBase"]
[SourceDate "2014.11.20"]
[SourceVersion "1"]
[SourceVersionDate "2014.11.20"]
[SourceQuality "1"]
[WhiteTeam "Bad Nauheim"]
[BlackTeam "Nied"]
[WhiteTeamCountry "GER"]
[BlackTeamCountry "GER"]

1. d4 g6 2. Nf3 Bg7 3. g3 d6 4. Bg2 Nd7 5. c4 e5 6. Nc3 Ne7 7. 0-0 0-0 8. e4 exd4 9. Nxd4 Nc6 10. Nxc6 bxc6 11. Qc2 a5 12. Rd1 Qe7 13. Be3 Ne5 14. c5 Bg4 15. Ne2 Rfb8 16. Rab1 Rb4 17. cxd6 cxd6 18. b3 a4 19. h3 axb3 20. axb3 Bxe2 21. Qxe2 Rab8 22. Qc2 c5 23. f4 Nc6 24. Kh2 Nd4 25. Bxd4 Bxd4 26. Bf1 Ra8 27. Bc4 Ra7 1/2-1/2